| 000 | 01923 a2200277 4500 | ||
|---|---|---|---|
| 003 | Nust | ||
| 005 | 20220802130458.0 | ||
| 010 | _a 2003023101 | ||
| 020 | _a0471326224 (cloth) | ||
| 035 | _a(OCoLC)ocm53331620 | ||
| 040 | _cNust | ||
| 082 | 0 | 0 | _a543.85,CHE |
| 100 | 1 |
_aChen, E. C. M. _996278 |
|
| 245 | 1 | 4 |
_aThe Electron Capture Detector and the Study of Reactions with Thermal Electrons / _cE.C.M. Chen, E.S.D. Chen. |
| 260 |
_aHoboken, N.J. : _bWiley-Interscience, _cc2004. |
||
| 300 |
_axvi, 399 p. : _bill. ; _c25 cm. |
||
| 505 | _aScope and History of The Electron (Page-1), Definitions, Nomenclature, Reactions, and Equations (Page-8), Thermal Electron Reactions at the University of Houston Thermal Electron Reactions at the University of Houston Thermal Electron Reactions at the University of Houston (Page-22), Theoretical Basis of the Experimental Tools (Page-47), Experimental Procedures and Data Reduction (Page-75), Complementary Experimental and Theoretical Procedures (Page-103), Consolidating Experimental, Theoretical, and Empirical Data (Page-139), Selection, Assignment, and Correlations of Atomic Electron Affinities (Page-168), Diatomic and Triatomic Molecules and Sulfur Fluorides (Page-193), Negative Ions of Organic Molecules (Page-234), Thermal Electrons and Environmental Pollutants (Page-266), Biologically Significant Molecules (Page-296), | ||
| 650 | 0 |
_aElectrons _xCapture. _996279 |
|
| 650 | 0 |
_aGas chromatography. _96349 |
|
| 700 | 1 |
_aChen, E. S. D. _996280 |
|
| 856 | 4 | 2 |
_3Book review (E-STREAMS) _uhttp://www.e-streams.com/es0710/es0710_3593.html |
| 856 | 4 | 2 |
_3Contributor biographical information _uhttp://www.loc.gov/catdir/enhancements/fy0614/2003023101-b.html |
| 856 | 4 | 2 |
_3Publisher description _uhttp://www.loc.gov/catdir/description/wiley041/2003023101.html |
| 856 | 4 | 2 |
_3Table of contents only _uhttp://www.loc.gov/catdir/toc/wiley041/2003023101.html |
| 942 |
_2ddc _cREF |
||
| 999 |
_c176975 _d176975 |
||